Регионална библиотека "Любен Каравелов" - Русе

От фантазия към форма в музиката (Запис номер 52132)

MARC детайли
000 -Лидер
Контролно поле с фиксирана дължина 01833nam a2200385 c 4500
003 - Код на организацията, давaща контролен номер
Контролно поле BLK
005 - Дата и час на последна редакция
Контролно поле 20180420222218.0
008 - Елементи от данни с фиксирана дължина
fixed length control field 180408b bul|||||r ||||||| ||bul||
010 ## - Наследен системен номер
LC control number KNG00056049000
020 ## - Международен стандартен номер на книга ISBN
Международен стандартен номер на книга ISBN 954-9835-30-8
-- издат.: Хайни
040 ## - Източник на каталожния запис
Идентификатор на билиотеката - собственик на записа BLK
041 ## - Код за език
Код за езика на текст/звукозапис или на отделно заглавие Български
Код за езика КДБФ Български
080 ## - УДК
Текстов определител УДК Естетика. Философия. Вкус. Теория на музиката. Вж и 534.3;781
УДК код - определител по УДК 78.01
УДК определител
УДК - код + определител 78.01
080 ## - УДК
Текстов определител УДК Музикални форми. Музикален анализ.
УДК код - определител по УДК 78.08
УДК определител
УДК - код + определител 78.08
080 ## - УДК
Текстов определител УДК Музикални форми. Видове музикални произведения
УДК код - определител по УДК 781.5
УДК определител
УДК - код + определител 781.5
100 1# - Редна дума - Автор
Автор Кърклисийски, Томи Николов
Авторска отговорност първи автор
R(LIN) 284227
139 ## - Редно поле
Редна дума Кърклисийски, Томи Николов
Авторски знак Кърд - К 97
245 10 - Сведения за заглавието
Заглавие От фантазия към форма в музиката
Подзаглавни данни Проблеми на муз.-жанровия анализ
Редно поле (дума) Томи Николов Кърклисийски.
257 ## - Страна на издаване
Страна на създаване/издаване България
260 ## - Област на издателските данни
-- София
Име на издателя, разпространителя и проч. Хайни
Година на издаване 2004
Печатница София : Вулкан
300 ## - Физическа характеристика
Страници 264 с.
Илюстрации и др. с ил., табл., ноти
Размери/Мащаб 21 см
Съпровождащи материали 1 аудио CD
380 ## - Жанр
Жанр Изкуство
500 ## - Общи забележки
Забележка Кн. е със CD със сигн. Цб CD 848. - Кн. е изд. с конкурс на Нац. фонд култура
650 #4 - Допълнително описание по предмет – тема
Основно описание – тема или топоним Естетика, музикална
9 (RLIN) 246673
650 #4 - Допълнително описание по предмет – тема
Основно описание – тема или топоним Музикални форми - учебни помагала
9 (RLIN) 257574
650 #4 - Допълнително описание по предмет – тема
Основно описание – тема или топоним Музика - композиция - общи въпроси
9 (RLIN) 284228
653 ## - Ключова дума – ненормативна
Ключова дума музикална естетика
653 ## - Ключова дума – ненормативна
Ключова дума музикални форми
653 ## - Ключова дума – ненормативна
Ключова дума музикален анализ
852 ## - Местоположение
Форматна сигнатура Цб 225163
856 4# - Електронен адрес и достъп
Електронен формат pdf - файл
Път до файла /url/
856 4# - Електронен адрес и достъп
Електронен формат pdf - файл
Път до файла /url/
942 ## - АРТИКУЛИ
Вид на библиотечния материал Книги
Скрит в OPAC Не
944 ## - СЪЗДАВАНЕ И РЕДАКЦИЯ на ЗАПИСА
Създаване/Редакция Създаване
Дата на регистрацията/редакция 19.10.2005
Служител, извършил регистрацията/редакцията Ирена_Линкова
944 ## - СЪЗДАВАНЕ И РЕДАКЦИЯ на ЗАПИСА
Създаване/Редакция Редакция
Дата на регистрацията/редакция 27.08.2011
Служител, извършил регистрацията/редакцията
999 ## - СИСТЕМНИ КОНТРОЛНИ НОМЕРА
Koha biblionumber 52132
Koha biblioitemnumber 52132
Наличности
Код за отписване Код за изгубен артикул Източник на класификационната схема Код за повреда Коз за рестрикции Код за отдаване Артикулен № Име на библиотеката - собственик Име на библиотеката, в която се намира в момента Статус (Текущо местоположение) Дата на вписване в системата Местоположение - отдел Цена в лева Инвентарен номер Систематично азбучна сигнатура Баркод Номер на екземпляра Цена в евро Служебна бележка Служебен тип на артикула
  Не е изгубен Universal Decimal Classification Не е повреден само за читалня ползва се в читалня 82110 Регионална библиотека "Любен Каравелов" Русе Регионална библиотека "Любен Каравелов" Русе Хранилище 2005-10-19 Хранилище 7.00 120000697418 Цб 225163 120000697418 1 3.58 Дост: Dp Вид: Д N: 43 Дата: 06.10.2004 Книги
  Не е изгубен Universal Decimal Classification Не е повреден без рестрикции заемане за дома 82111 Регионална библиотека "Любен Каравелов" Русе Регионална библиотека "Любен Каравелов" Русе Отдел Изкуство - подръчен фонд 2009-06-29 Отдел Изкуство - подръчен фонд 7.00 120000736597 78.01/К 97 120000736597 2 3.58 Дост: DA Вид: А N: 7 Дата: 29.06.2009 Дата инв: 19.06.2012 Бележки инв: * Книги
Vip Innovations Ltd, Rousse, Bulgaria 2025